000 01176cab a2200325 4500
001 ABS58101
008 090401t1997 xxu||||| |||| 00| 0 eng d
035 _a(Sirsi) u82934
041 _aeng
100 _aSykes, S.
245 _aContaminated land and property transactions: environmental information
260 _c1997
350 _a0
490 _aJournal of Property Development
_v1(4) 1997, 171-176(6)
520 _aDetails the sources of enquiry and information available on whether land under a property transaction is contaminated. Considers the rules of caveat emptor, pre-contract enquiries, publicly available data, disclosing environmental audits to purchasers, and lender liability.
650 _aCAVEAT EMPTOR
650 _aCONTAMINATED LAND
650 _aENVIRONMENTAL AUDITS
650 _aENVIRONMENTAL INFORMATION
650 _aENVIRONMENTAL LIABILITY
650 _aLENDER LIABILITY
650 _aPRE-CONTRACTUAL INQUIRIES
650 _aPROPERTY TRANSACTIONS
650 _aPUBLIC REGISTERS
650 _aRISK ASSESSMENT
650 _aUNREGISTERED LAND
690 _aPROPERTY LAW AND PRACTICE
942 _n0
948 _c05/01/1998
999 _c52388
_d52388